00743nam a2200205Ia 4500003000900000008004100009040001600050080002500066245013700091260003500228300001300263650002200276650001900298650001900317700003000336700002000366942000700386999001500393952012900408IN-BaIIA211028s9999 xx 000 0 eng d cIIA Library a047.1:621.38bAEE-24 0aAdvances in electronics and electron physicscedited by L. Marton and Claire Marton  aNew YorkbAcademic Pressc1968 ax, 291p. aElectronics91576 aElectrophysics aNASA Thesaurus aMarton, Claire, ed.94818 aMarton, L., ed. cBK c3130d3130 00104070aBANbKAVcGENd1968-11-28g104.40l0o047.1:621.38/ AEE-24p3481r2021-11-05v104.40w1968-11-28yBKGRs. 104.40